| 000 | 00466nam a22001931a 4500 | ||
|---|---|---|---|
| 001 | 3838 | ||
| 003 | OSt | ||
| 005 | 20260204211905.0 | ||
| 008 | 050404s1976||||mx ||||||b||||||||||spa|| | ||
| 050 | _a100 W169i | ||
| 082 | _a100 W169i | ||
| 100 | _aWalsh, W. H. | ||
| 245 | _aIntroducción a la filosofía de la historia / W. H. Walsh | ||
| 250 | _a6 | ||
| 264 | _aMéxico : Siglo XXI | ||
| 300 | _a256 p | ||
| 650 | _a1.Filosofía - HistoriaÌ | ||
| 942 |
_2ddc _cBK |
||
| 999 |
_c3838 _d3838 |
||